Risk management v nefinanční firmě

Salvato in:
Dettagli Bibliografici
Autore principale: Hnilica, Jiří
Ente Autore: Vysoká škola ekonomická v Praze. Podnikohospodářská fakulta
Natura: Libro
Lingua:ceco
Pubblicazione: Praha Vysoká škola ekonomická. Nakladatelství Oeconomica 2005
Soggetti:
Tags: Aggiungi Tag
Nessun Tag, puoi essere il primo ad aggiungerne!!

MARC

LEADER 00000nam$a2200000$$$4500
001 0054037
005 20240223112205.1
020 |a 80-245-0896-6 
041 0 |a cze 
044 |a CZ 
245 1 0 |a Risk management v nefinanční firmě  |c Jiří Hnilica 
264 1 |a Praha  |b Vysoká škola ekonomická. Nakladatelství Oeconomica  |c 2005 
300 |a 101 s. 
610 2 0 |a riadenie rizík 
610 2 0 |a podnik 
610 2 0 |a firmy 
610 2 0 |a organizácie nefinančné 
610 2 0 |a kapitál 
610 2 0 |a opcie 
610 2 0 |a ciele podnikové 
610 2 0 |a hodnota podniku 
610 2 0 |a sadzby diskontné 
610 2 0 |a hedging 
610 2 0 |a analýzy 
610 2 0 |a metóda Monte Carlo 
610 2 0 |a simulácia 
610 2 0 |a projekty investičné 
610 2 0 |a počasie 
100 1 |a Hnilica, Jiří 
710 2 |a Vysoká škola ekonomická v Praze. Podnikohospodářská fakulta